| 000 | 00383 a2200145 4500 | ||
|---|---|---|---|
| 001 | 158619 | ||
| 020 | _a | ||
| 040 | _cMagnum | ||
| 100 | _aEnciclopaedia Britannica do Brasil | ||
| 240 | 1 | 0 |
_aEnciclopedia barsa/livro do ano 1997/ciencia e futuro _lpor |
| 245 | 1 | 0 | _aEnciclopedia barsa/livro do ano 1997/ciencia e futuro |
| 362 | 0 | _a1899 | |
| 697 | _aENCICLOPEDIAS | ||
| 942 | _cBK | ||
| 999 |
_c158619 _d158619 |
||